Регионална библиотека "Любен Каравелов" - Русе

Злокачествени тумори на тънкото черво (Запис номер 527191)

MARC детайли
000 -Лидер
Лидер 01091nam a2200289 c 4500
003 - Код на организацията, давaща контролен номер
Код на организацията, даваща контролен номер BLK
005 - Дата и час на последна редакция
Дата и час на последна редакция 20250218103333.0
008 - Елементи от данни с фиксирана дължина
Елементи с фиксирана дължина 180411b bul|||||r ||||||| ||bul||
020 ## - Международен стандартен номер на книга ISBN
ISBN 9786199177266
040 ## - Източник на каталожния запис
Код на библиотеката BLK
041 ## - Код за език
Език Български
Език за КДБФ Български
080 ## - УДК
УДК текст Долен храносмилателен тракт. Черва. Чревни и стомашно-чревни болести
УДК код 616.34
УДК – код + определител 616.34
9 (RLIN) 400932
100 ## - Редна дума - Автор
Автор Божков, Васил Марков
R(LIN) 1299
245 10 - Сведения за заглавието
Заглавие Злокачествени тумори на тънкото черво
Подзаглавни данни монография
Авторска отговорност Васил Божков
257 ## - Страна на издаване
Страна на създаване/издаване България
260 ## - Област на издателските данни
Място на издаване Варна
Име на издателя Пи Си Клиник
Година на издаване 2024
9 (RLIN) 485432
300 ## - Физическа характеристика
Брой страници 178 с.
Илюстрации с цв. ил.
Размер 23 см
380 ## - Жанр
Жанр Медицина
504 ## - Забележка за наличие на библиография и др
Библиография Библиогр. след отд. материали
650 #4 - Допълнително описание по предмет – тема
Предметна рубрика Черва - болести
9 (RLIN) 271808
852 ## - Местоположение
Сигнатура (форматна) Цб 326547
856 4# - Електронен адрес и достъп
Електронен формат pdf - файл
856 4# - Електронен адрес и достъп
Електронен формат pdf - файл
942 ## - АРТИКУЛИ
Вид на библиотечния документ Книги
Скрит в OPAC Не
944 ## - СЪЗДАВАНЕ И РЕДАКЦИЯ на ЗАПИСА
Създаване/Редакция
Дата на регистрацията/редакция Иваничка Йорданова
Служител, извършил регистрацията/редакцията 30553
Номер на служител Иваничка Йорданова
999 ## - СИСТЕМНИ КОНТРОЛНИ НОМЕРА
Koha biblionumber 527191
Koha biblioitemnumber 527191
Наличности
Код за отписване Код за изгубен артикул Източник на класификационната схема Код за повреда Коз за рестрикции Код за отдаване Артикулен № Име на библиотеката - собственик Име на библиотеката, в която се намира в момента Статус (Текущо местоположение) Дата на вписване в системата Местоположение - отдел Цена в лева Инвентарен номер Систематично азбучна сигнатура Баркод Цена в евро Служебен тип на артикула
  Не е изгубен Universal Decimal Classification Не е повреден само за читалня ползва се в читалня 961305 Регионална библиотека "Любен Каравелов" Русе Регионална библиотека "Любен Каравелов" Русе Хранилище 2025-02-19 Хранилище 9.00 120000918289 Цб 326547 120000918289 4.60 Книги
Vip Innovations Ltd, Rousse, Bulgaria 2025